Szczegóły MARC21

Najsłynniejsze powieści literatury światowej : leksykon /

003 -Nazwa inst., której nr kontr. jest w polu 001 [,]
    • @
    • Nazwa instytucji, której n kontrolny jest w polu 001
    • NUKAT
005 -DATA I CZAS OSTATNIEJ MODYFIKACJI [,]
    • @
    • pole kontrolne
    • 20241231113342.0
020 -Międzynarod. znormalizowany nr książki - ISBN [ , ]
    • a
    • Numer ISBN
    • 8370890156 Find
040 -Instytucja sporządzająca opis [ , ]
    • a
    • Instytucja, która sporządziła opis (NP)
    • TOR U/lf
    • c
    • Instytucja, która sporządziła rekord (NP)
    • TOR U/lf
    • d
    • Instytucja, która zmodyfikowała rekord (P)
    • TOR U/LF
    • d
    • Instytucja, która zmodyfikowała rekord (P)
    • POZN U/KNs
    • d
    • Instytucja, która zmodyfikowała rekord (P)
    • LUBL U/Mko
041 -Język dokumentu [1, ]
    • a
    • Język tekstu (P)
    • polski
    • h
    • Język tekstu oryginalnego i/lub pośredniego (P)
    • francuski
942 -Rodzaj dokumentu [ , ]
    • c
    • Rodzaj dokumentu
    • Książka
100 -Hasło główne - nazwa osobowa [1, ]
    • a
    • Nazwa osobowa (NP)
    • Szenes, Dominique.
    • 9
    • KHW
    • 555763
240 -Tytuł ujednolicony [1,0]
    • a
    • Tytuł ujednolicony
    • Grands romans du monde entier
    • l
    • Język tekstu
    • (pol.)
    • 9
    • KHW
    • 555765
245 -Strefa tytułu i oznaczenia odpowiedzialności [1,0]
    • a
    • Tytuł
    • Najsłynniejsze powieści literatury światowej : Find
    • b
    • Ciąg dalszy tytułu (NP)
    • leksykon / Find
    • c
    • Pozostałe elementy strefy tytułu i oznaczenia odpowiedzialności (NP)
    • Dominique Szenes ; przeł. Marek Bratuń.
260 -Strefa adresu wydawniczego [ , ]
    • a
    • Miejsce wydania (P)
    • Łódź :
    • b
    • Nazwa wydawcy (P)
    • Opus,
    • c
    • Data wydania (P)
    • 1994.
300 -Strefa opisu fizycznego [ , ]
    • a
    • Określenie formy książki i/lub objętość (NP)
    • 260, [4] s. ;
    • c
    • Format (NP)
    • 20 cm.
336 -Typ zawartości [ , ]
    • a
    • Termin opisujący typ zawartości
    • Tekst
    • b
    • Kod określający zawartość
    • txt
    • 2
    • Źródło (terminu i kodu)
    • rdacontent
337 -Typ mediów [ , ]
    • a
    • Tryb odtwarzania
    • Bez urządzenia pośredniczącego
    • b
    • Kod typu mediów
    • n
    • 2
    • Źródło (terminu i kodu)
    • rdamedia
338 -Typ/rodzaj nośnika [ , ]
    • a
    • Hasło opisujące typ nośnika
    • Wolumin
    • b
    • Kod typu nośnika
    • nc
    • 2
    • Źródło (terminu i kodu)
    • rdacarrier
490 -Strefa serii i książki wielotomowej - forma nie do wyszukiwania [1, ]
    • a
    • Tytuł (P)
    • Vademecum Find
830 -Hasło dodatkowe serii i opisu książki wielotomowej - tytuł ujednolicony/tytuł [ ,0]
    • a
    • Tytuł ujednolicony/tytuł (NP)
    • Vademecum - Opus
    • 9
    • KHW
    • 82007
504 -Uwaga dot. bibliogr. załącznikowej [ , ]
    • a
    • Uwaga dot. bibliografii załącznikowej
    • Bibliogr. s. 255-[261].
080 -Uniwersalna Klasyfikacja Dziesiętna [ , ]
    • a
    • Symbol klasyfikacji
    • 82(091)-3
    • 9
    • UKD
    • 20062
    • 2
    • Identyfikator wydania tablic
    • UDC-P058
    • b
    • Dopowiedzenie
    • Literatura (historia). - Powieści, nowele, opowiadania.
650 -Hasło przedmiotowe [ ,7]
    • a
    • Hasło przedmiotowe
    • Powieść
    • v
    • Określnik formalny
    • encyklopedie.
    • 2
    • Źródło terminu
    • kaba
    • 9
    • KHW
    • 555847
980 -Symbol UKD [ , ]
    • a
    • UKD
    • 82(091)-3
700 -Hasło dodatkowe - nazwa osobowa [1, ]
    • a
    • Nazwa osobowa (NP)
    • Bratuń, Marek. Find
    • e
    • Określenie rodzaju współpracy
    • Tł.
    • 9
    • KHW
    • 62373
710 -Hasło dodatkowe - nazwa ciała zbiorowego [2, ]
    • a
    • Nazwa ciała zbiorowego lub nazwa geograficzna jako pierwszy element (NP)
    • Wydawnictwo Opus.
    • 4
    • Kod relacji
    • pbl
    • 9
    • KHW
    • 464112
920 -ISBN [ , ]
    • a
    • ISBN
    • 83-7089-015-6 Find
Sygnatura Data inwentaryzacji Lokalizacja Status udost. Numer inwentarzowy
Z.857791995-10-16BG-6Z.85779
POL. Lit. powszechna – słowniki 131995-10-16BM1P.12142